000 01025nam a22003857a 4500
001 BR0809625
003 BR-BrBNA
005 20230928102840.0
007 ta
008 230509b bl.||||| |||| 00| 0 por d
040 _aBR-BrBNA
_bpor
_cBiblioteca Nacional de Agricultura
041 _a(Por)
072 _aH60
_b3876
090 _ 3876 BR0809625
100 1 _aVargas, L.
100 1 _aSilva, A.A. da
100 1 _aBorém, A.
100 1 _aProcópio, S.
245 1 _aIdentificação e manejo de plantas daninhas resistentes a herbicidas
260 3 _aViçosa, MG (Brasil):
_c1999.
300 _a39 p.
500 _a14 ref.; 11 tables; 7 illus.
650 _aIDENTIFICAÇÃO
650 _aERVA DANINHA
650 _aHERBICIDA
650 _aRESISTÊNCIA A PESTICIDA
650 _aTAXONOMIA VEGETAL
650 _aPRÁTICA CULTURAL
650 _aCONTROLE QUÍMICO
650 _aSEMENTE
650 _aPROFILAXIA
650 _aNOMENCLATURA
909 _a202309
_bLucia
_c55
_dLucia Elande
942 _cBK
999 _c72692
_d72692